000 00792nam a22002297a 4500
005 20170123162354.0
010 _aA-644634
020 _c21.00
035 _aA-644634
037 _bCen Lib/Ret
040 _aDPL
_bUR
082 _a841.09
_bغ ا ل
100 _aفاروقی، احمد
_9399
245 _a/ ​ یاد وَبودِ غالب
_c احمد فاروقی
246 _aYad wabud-e- Galib /
_bby Ahmad Farooqi
260 _aنئی دہلی
_bترقی اردو بیورو
_c2000
270 _aڈائرکڑئز في اردو بیوروا'وبٹ بلا کت8 آر کے پور م
_bنئی دہلی
_e110066
300 _a148p.
_c21cm(pbk)
650 _aاردو ادب
_9137897
650 _aUrdu Literature
_9137898
942 _2ddc
_cUR
_h841.09
_mغ ا ل
999 _c109458
_d109458